| 000 | 00878nas a2200277 4500 | ||
|---|---|---|---|
| 001 | BR0901610 | ||
| 003 | BR-BrBNA | ||
| 005 | 20231205112615.0 | ||
| 007 | ta | ||
| 008 | 230509b bl.|||p| |||| 00| 00por d | ||
| 040 |
_aBR-BrBNA _bpor _cBiblioteca Nacional de Agricultura |
||
| 041 | _a(Pt) | ||
| 072 | _aH10 | ||
| 100 | 1 | _aBoiça Junior, A.L. | |
| 100 | 1 | _aPitta, R.M. | |
| 100 | 1 | _aJesus, F.G. de | |
| 100 | 1 | _aCampos, A.P. de | |
| 245 | 1 | _aNão-preferencia para alimentação e para oviposição de genotipos de amendoim a Anticarsia gemmatalis Hubner (Lepidoptera: Noctuidae) | |
| 650 | _aAMENDOIM | ||
| 650 | _aLAGARTA | ||
| 650 | _aOVIPOSIÇÃO | ||
| 650 | _aVARIEDADE RESISTENTE | ||
| 773 | 0 |
_tRevista de Agricultura (Brazil) _xISSN 0034-7655 _g(Jun 2008), v. 83(1) p. 66-74 _wBR0901610 |
|
| 909 |
_a202311 _bLúcia _c55 _dLúcia Elande |
||
| 942 |
_2AGRIS _n0 _cANA |
||
| 999 |
_c198932 _d198932 |
||